000 00759nam a2200241Ia 4500
003 OSt
005 20220923224416.0
006 a|||||r|||| 00| 0
007 ta
008 Pun
024 _a232,037
037 _cTextual
040 _aARTS
_cARTS
_bPun
041 _2Pun
_aPun
082 _aO153,1:gN5, L3
100 _a॥ੁਰFੀਦ
_9167974
245 0 _aਆਧੁਨਿਕ ਪੰਜਾਬੀ ਕਵਿਤਾ ਵਿਚ ਨਵੀਆਂ ਪ੍ਰਵਿਰਤੀਆਂ
260 _aਅੰਮ੍ਰਿਤਸਰ
_b ਹਰਣਾਖਸੁ ਪਬਲੀਕੇFਨਗ਼
_c1973
300 _a96ਪੰ
_ccm.
650 _aਪੰਜਾਬੀ ਸਾਹਿਤ
942 _hO153,1:gN5, L3
_cTEXL
_2CC
999 _c371222
_d371222